000 00658nam a2200277Ia 4500
005 20260324133319.0
008 008 260324s9999 xx 000 0 eng d
020 _a9780203462683
037 _aEBOOK
040 _aCRL
040 _beng
040 _cCRL
041 _2eng
041 _aeng
084 _qCRL
100 _aThomas Garfat
_91192621
245 2 _aA Child and Youth Care Approach to Working with Families
260 _bTaylor and Francis
260 _c2003
365 _a
365 _b290
856 _uhttp://www.taylorfrancis.com/books/9780203462683
942 _cEBOOK
999 _c1791539
_d1791539